Portfolios of the poor : (Record no. 40940)

MARC details
000 -LEADER
fixed length control field 00902nam a22002414a 4500
005 - DATE AND TIME OF LATEST TRANSACTION
control field 2010081100240.0
010 ## - LCCN (DPL NO)
LC control number ENG-99500
020 ## - INTERNATIONAL STANDARD BOOK NUMBER
Terms of availability 325.00
International Standard Book Number 9788178242897
035 ## - SYSTEM CONTROL NUMBER
System control number EN-83032
037 ## - SOURCE OF ACQUISITION
Source of stock number/acquisition DBAD/PUB
082 ## - DEWEY DECIMAL CLASSIFICATION NUMBER
Classification number 339.46
100 ## - MAIN ENTRY--PERSONAL NAME
Personal name Collins, Daryl
245 ## - TITLE STATEMENT
Title Portfolios of the poor :
Statement of responsibility, etc by Daryl Collins...[et.al]
Remainder of title how the world's poor live on $ 2 a day /
260 ## - PUBLICATION, DISTRIBUTION, ETC. (IMPRINT)
Place of publication, distribution, etc Ranikhet
Name of publisher, distributor, etc Permanent Black
Date of publication, distribution, etc 2010
270 ## - ADDRESS
Address Himalayana, Mall Road, Ranikhet Cantt
Postal code 263645
City Ranikhet
300 ## - PHYSICAL DESCRIPTION
Extent ix, 283 p.
Dimensions 20cm (Pbk)
500 ## - GENERAL NOTE
General note Includes bibliographical references and index
650 ## - SUBJECT ADDED ENTRY--TOPICAL TERM
Topical term or geographic name as entry element Home economics
Form subdivision Accounting
650 ## - SUBJECT ADDED ENTRY--TOPICAL TERM
Topical term or geographic name as entry element Micro finance
Form subdivision Poor
700 ## - ADDED ENTRY--PERSONAL NAME
9 (RLIN) 10698
942 ## - ADDED ENTRY ELEMENTS (KOHA)
Source of classification or shelving scheme Dewey Decimal Classification
Item type English Books
Call number suffix COL
Classification part 339.46
Holdings
Withdrawn status Lost status Not for loan Collection code Home library Current library Date acquired Cost, normal purchase price Full call number Barcode Copy number Cost, replacement price Koha item type
    Not For Loan Non-fiction D.B.Act.Division D.B.Act.Division 11/08/2010 325.00 339.46 COL EN-83032 1 325.00 English Books

© Delhi Public Library
Hit Counter
free hit counter